[Event "Online Olym Div2 C 2021"]
[Site "chess.com INT"]
[Date "2021.09.04"]
[Round "9.3"]
[Board "5"]
[White "Ramaj, Ergit"]
[Black "Moyo Blessing"]
[Result "0-1"]
[WhiteElo "1610"]
[BlackElo "1804"]
[WhiteTeam "Albania"]
[BlackTeam "Zimbabwe"]
[WhiteFideId "4703669"]
[BlackFideId "11010673"]
[EventDate "2021.09.02"]
[EventType "team"]

1. e4 c5 2. b4 cxb4 3. a3 d5 4. exd5 Nf6 5. c4 bxc3 6. Nxc3 g6 7. Qb3 Bg7 8.
Bb5+ Nbd7 9. Nf3 O-O 10. O-O Nb6 11. Bc4 Nxc4 12. Qxc4 Nxd5 13. Bb2 Be6 14. Ng5
Rc8 15. Qh4 h6 16. Nxe6 fxe6 17. Qg4 Nf4 18. Rad1 Qb6 19. Ba1 Qa5 20. Qf3 Qa6
21. Qe4 Rc4 22. Qe3 Bd4 23. Qe1 Qc6 24. Ne4 Bxa1 25. d3 Bc3 26. Qe3 Bd4 27. Qf3
Rc2 28. Kh1 Qd5 29. g3 Nh3 30. Qg4 Qf5 31. Qxf5 exf5 32. Nd2 Nxf2+ 33. Rxf2 Bxf2
34. Kg2 Be3 0-1

[Event "Online Olym Div2 C 2021"]
[Site "chess.com INT"]
[Date "2021.09.04"]
[Round "9.3"]
[Board "6"]
[White "Mawire, Rumbidzai"]
[Black "Shuqja, Klean"]
[Result "1/2-1/2"]
[WhiteTitle "WCM"]
[BlackTitle "WCM"]
[WhiteElo "1388"]
[BlackElo "1877"]
[WhiteTeam "Zimbabwe"]
[BlackTeam "Albania"]
[WhiteFideId "14317940"]
[BlackFideId "4701585"]
[EventDate "2021.09.02"]
[EventType "team"]

1. e4 d5 2. exd5 Qxd5 3. Nc3 Qd8 4. d4 Nf6 5. Nf3 Bg4 6. Be2 e6 7. O-O c6 8. h3
Bxf3 9. Bxf3 Be7 10. Be3 Nbd7 11. Re1 O-O 12. a3 Qc7 13. Qd2 Rad8 14. Rad1 e5
15. Qe2 exd4 16. Bxd4 Rfe8 17. Qc4 Qf4 18. Ne2 Qb8 19. Qb3 c5 20. Be3 b5 21. Bf4
Qb6 22. Nc3 a6 23. Nd5 Nxd5 24. Qxd5 Nf8 25. Qb7 Rxd1 26. Rxd1 Qf6 27. Bg3 h6
28. Qc6 Rd8 29. Rxd8 Bxd8 30. Qxf6 Bxf6 31. b3 Ne6 32. Bd6 Nd4 33. Be4 c4 34.
bxc4 bxc4 35. Kf1 Nb5 36. Bb4 Bb2 37. a4 Bc3 38. Ba5 Bxa5 39. axb5 axb5 40. Bc6
b4 41. Bd5 c3 42. Ke2 Bb6 43. f3 Kf8 44. Kd3 Bc5 45. Kc4 Bd6 46. g4 Ke7 47. Kd4
Kf6 48. Ke4 Kg5 49. Bxf7 Kh4 50. Kf5 g5 51. Kg6 Kxh3 52. Kxh6 Bf4 53. Bd5 Kg3
54. Kg6 b3 55. Bxb3 Kxf3 56. Kf5 Bd2 1/2-1/2

[Event "Online Olym Div2 C 2021"]
[Site "chess.com INT"]
[Date "2021.09.04"]
[Round "9.4"]
[Board "1"]
[White "Kalezic, Blazo"]
[Black "Ostmoe, Geir Sune Tallaksen"]
[Result "1/2-1/2"]
[WhiteTitle "IM"]
[BlackTitle "IM"]
[WhiteElo "2434"]
[BlackElo "2469"]
[WhiteTeam "Montenegro"]
[BlackTeam "Norway"]
[WhiteFideId "921815"]
[BlackFideId "1502778"]
[EventDate "2021.09.02"]
[EventType "team"]

1. e4 c6 2. d4 d5 3. f3 e6 4. Nc3 Bb4 5. Qd3 Nf6 6. e5 Nfd7 7. f4 c5 8. a3 Ba5
9. b4 cxb4 10. Nb5 O-O 11. Nf3 f6 12. Be2 Nc6 13. O-O a6 14. Nd6 Bc7 15. Nxc8
Rxc8 16. axb4 Nxb4 17. Qb3 a5 18. c3 Nc6 19. Ba3 Rf7 20. f5 Nf8 21. Bxf8 Rxf8
22. fxe6 fxe5 23. dxe5 Nxe5 24. Rad1 Qd6 25. Rxd5 Nxf3+ 26. Rxf3 Qxh2+ 27. Kf1
Qh1+ 28. Kf2 Qh4+ 29. Ke3 Qh6+ 30. Kf2 Qh4+ 31. Ke3 Qh6+ 32. Kf2 Qh4+ 1/2-1/2

[Event "Online Olym Div2 C 2021"]
[Site "chess.com INT"]
[Date "2021.09.04"]
[Round "9.4"]
[Board "2"]
[White "Notkevich, Benjamin Arvola"]
[Black "Potpara, Nikola"]
[Result "0-1"]
[WhiteTitle "GM"]
[WhiteElo "2471"]
[BlackElo "2374"]
[WhiteTeam "Norway"]
[BlackTeam "Montenegro"]
[WhiteFideId "1506536"]
[BlackFideId "910058"]
[EventDate "2021.09.02"]
[EventType "team"]

1. e4 c5 2. Nf3 g6 3. d4 cxd4 4. Qxd4 Nf6 5. e5 Nc6 6. Qa4 Nd5 7. Qe4 Nb6 8. Bb5
a6 9. Bxc6 dxc6 10. O-O Bg7 11. Nc3 Bf5 12. Qh4 h6 13. Rd1 Qc7 14. Be3 Nd7 15.
Re1 g5 16. Qg3 Nxe5 17. Bc5 Nxf3+ 18. Qxf3 Be6 19. Rxe6 fxe6 20. Qh5+ Kf8 21.
Re1 b6 22. Be3 Bf6 23. Qg6 Qe5 24. Ne2 Qf5 25. Qh5 g4 26. Nf4 Qxh5 27. Nxh5 c5
28. b3 Kf7 29. Kf1 Rad8 30. Ke2 Bc3 31. Rf1 Be5 32. Ng3 Bxg3 33. fxg3+ Kg6 34.
Rf4 h5 35. Re4 Rd6 36. Bf4 Rc6 37. c4 Rf8 38. Re3 Rf5 39. a4 e5 40. Bxe5 Re6 41.
Bc7 Rxe3+ 42. Kxe3 Rf6 43. Ke4 Rc6 44. Be5 e6 45. h3 Rc8 46. hxg4 hxg4 47. Kf4
Rd8 48. Ke3 Rd7 49. Ke4 Kf7 50. Bf4 Rd4+ 51. Ke3 b5 52. cxb5 axb5 53. a5 Rb4 54.
Bc7 Rxb3+ 55. Ke4 Ra3 56. Bb6 c4 57. Kd4 c3 58. Kd3 b4 59. Bc5 c2+ 60. Kd2 c1=Q+ 0-1

[Event "Online Olym Div2 C 2021"]
[Site "chess.com INT"]
[Date "2021.09.04"]
[Round "9.4"]
[Board "3"]
[White "Milovic, Aleksandra"]
[Black "Dolzhikova, Olga"]
[Result "0-1"]
[WhiteTitle "WIM"]
[BlackTitle "WGM"]
[WhiteElo "2129"]
[BlackElo "2187"]
[WhiteTeam "Montenegro"]
[BlackTeam "Norway"]
[WhiteFideId "933988"]
[BlackFideId "14105870"]
[EventDate "2021.09.02"]
[EventType "team"]

1. e4 g6 2. d4 Bg7 3. Nc3 c6 4. Bg5 d5 5. Nf3 Nf6 6. e5 Ne4 7. Nxe4 dxe4 8. Ng1
c5 9. c3 Nc6 10. Bb5 cxd4 11. Bxc6+ bxc6 12. Qxd4 Qxd4 13. cxd4 c5 14. Be3 Ba6
15. f4 exf3 16. Nxf3 cxd4 17. Bxd4 O-O 18. Kf2 Bb7 19. Rhd1 e6 20. Rac1 Bd5 21.
b3 a5 22. Rc3 a4 23. Nd2 axb3 24. axb3 Rfb8 25. Nc4 Ra2+ 26. Rd2 Rxd2+ 27. Nxd2
Bh6 28. Be3 Bf8 29. Nc4 Kg7 30. Bg5 h6 31. Bf6+ Kh7 32. Nd6 g5 33. Rc7 Kg6 34.
h4 gxh4 35. Nxf7 Rxb3 36. Rc8 Kxf7 0-1

[Event "Online Olym Div2 C 2021"]
[Site "chess.com INT"]
[Date "2021.09.04"]
[Round "9.4"]
[Board "4"]
[White "Rodsmoen, Maud"]
[Black "Koljevic, Nikolina"]
[Result "1/2-1/2"]
[WhiteTitle "WFM"]
[WhiteElo "1953"]
[BlackElo "1950"]
[WhiteTeam "Norway"]
[BlackTeam "Montenegro"]
[WhiteFideId "1510550"]
[BlackFideId "16503945"]
[EventDate "2021.09.02"]
[EventType "team"]

1. e4 c6 2. d4 d5 3. e5 Bf5 4. h4 h5 5. Nf3 e6 6. Bd3 Ne7 7. Bg5 Bxd3 8. Qxd3
Qb6 9. b3 Nf5 10. Nbd2 c5 11. c3 Nc6 12. dxc5 Bxc5 13. O-O Qc7 14. b4 Bb6 15.
Rfe1 a6 16. a4 O-O 17. a5 Ba7 18. Nb3 b6 19. axb6 Bxb6 20. Rxa6 Rxa6 21. Qxa6 d4
22. Nbxd4 Nfxd4 23. Nxd4 Bxd4 24. cxd4 Nxb4 25. Qa3 Nd5 26. Qf3 Qc3 27. Qxc3
Nxc3 28. Be7 Ra8 29. Bc5 Ra2 30. Re3 Nd5 31. Rb3 Kh7 32. Rb7 Kg6 33. g3 Nc3 34.
Rb3 Rc2 35. Bb6 Kf5 36. Kg2 Ke4 37. Bc5 Kf5 38. Rb7 Kg6 39. Bb4 Ne4 40. Be1 Rc1
41. Kf1 Rc2 42. Rb3 Rxf2+ 43. Bxf2 Nd2+ 44. Ke2 Nxb3 45. Kd3 Kf5 46. Ke3 Kg4 47.
Be1 Kf5 48. Kd3 Nc1+ 49. Kd2 Nb3+ 50. Kc3 Nc1 51. Kd2 Nb3+ 52. Ke3 Kg4 53. Ke4
Nc1 54. Ke3 Kf5 55. Kd2 1/2-1/2

[Event "Online Olym Div2 C 2021"]
[Site "chess.com INT"]
[Date "2021.09.04"]
[Round "9.4"]
[Board "5"]
[White "Vujovic, Savo"]
[Black "Ranaldi, Lucas"]
[Result "1/2-1/2"]
[BlackTitle "FM"]
[WhiteElo "2151"]
[BlackElo "2325"]
[WhiteTeam "Montenegro"]
[BlackTeam "Norway"]
[WhiteFideId "16504020"]
[BlackFideId "1519484"]
[EventDate "2021.09.02"]
[EventType "team"]

1. e4 c6 2. d4 d5 3. e5 Bf5 4. h4 h5 5. Bg5 Qb6 6. Bd3 Bxd3 7. Qxd3 e6 8. Nd2 c5
9. c4 Qxb2 10. Rd1 Nc6 11. cxd5 Qxd4 12. Qb3 Qxd5 13. Qxb7 Nxe5 14. Qb5+ Qc6 15.
Qe2 f6 16. Rh3 O-O-O 17. Rb1 c4 18. Bf4 Nd3+ 19. Rxd3 cxd3 20. Rb8+ Kd7 21.
Qxd3+ Bd6 22. Bxd6 Rxb8 23. Bxb8+ Kc8 24. Bxa7 Ne7 25. Qc4 Qxc4 26. Nxc4 Kb7 27.
Be3 Ra8 28. a3 Kc6 29. Ne2 Kb5 30. Nb6 Rxa3 31. Nd7 Nf5 32. Nd4+ Nxd4 33. Bxd4
Rd3 34. Nxf6 gxf6 35. Bxf6 Kc6 36. Ke2 Ra3 37. Be5 Kd5 38. Bf4 Ke4 39. Bd2 Ra2
40. f3+ Kf5 41. Ke3 Ra3+ 42. Kf2 e5 43. g3 Ra2 44. Ke3 Ra1 45. Kf2 Ra3 46. Ke2
Ke6 47. Kf2 Ra4 48. Ke3 Kd5 49. Bc3 Ra3 50. Kd2 Ra2+ 51. Ke3 Rg2 52. Be1 Ke6 53.
Bf2 Kf5 54. Ke2 e4 55. Ke3 exf3 56. Kxf3 Rh2 57. Be3 Ra2 58. Bf4 Ra3+ 59. Kf2
Ke4 60. Ke2 Ra2+ 61. Ke1 Kf3 62. Kd1 Re2 63. Kc1 Ke4 64. Bg5 Kd3 65. Bf4 Rg2 66.
Be5 Re2 67. Bf4 Kc3 68. Kd1 Kd3 69. Kc1 1/2-1/2

[Event "Online Olym Div2 C 2021"]
[Site "chess.com INT"]
[Date "2021.09.04"]
[Round "9.4"]
[Board "6"]
[White "Lindstad, Livia"]
[Black "Popovic, Mateja"]
[Result "0-1"]
[WhiteElo "1742"]
[BlackElo "1714"]
[WhiteTeam "Norway"]
[BlackTeam "Montenegro"]
[WhiteFideId "1532405"]
[BlackFideId "16504518"]
[EventDate "2021.09.02"]
[EventType "team"]

1. e4 e5 2. Bc4 Nf6 3. d3 Nc6 4. Nc3 Bb4 5. Bd2 d6 6. a3 Ba5 7. b4 Bb6 8. h3 Bd7
9. Nge2 O-O 10. Na4 Ne7 11. Nxb6 axb6 12. f4 exf4 13. Nxf4 b5 14. Bb3 Bc6 15.
O-O d5 16. e5 Nd7 17. e6 Ne5 18. Qe2 N7g6 19. Rae1 fxe6 20. Nxe6 Rxf1+ 21. Rxf1
Qd6 22. Nf4 Rxa3 23. Qf2 h6 24. Bc3 Kh7 25. Nxg6 Nxg6 26. Qf7 Qe7 27. Qf5 Qe3+
28. Kh1 d4 29. Bxd4 Qxd4 30. Qe6 Ra8 31. Qe2 Nf4 32. Qg4 Bxg2+ 33. Kh2 Bxf1 34.
Qf5+ Kh8 35. Bf7 Qf2+ 36. Kh1 Qg2# 0-1

[Event "Online Olym Div2 C 2021"]
[Site "chess.com INT"]
[Date "2021.09.04"]
[Round "9.5"]
[Board "1"]
[White "Tate, Alan"]
[Black "Liyanage, Ranindu Dilshan"]
[Result "0-1"]
[WhiteTitle "FM"]
[BlackTitle "CM"]
[WhiteElo "2342"]
[BlackElo "2197"]
[WhiteTeam "Scotland"]
[BlackTeam "Sri Lanka"]
[WhiteFideId "2401878"]
[BlackFideId "9915834"]
[EventDate "2021.09.02"]
[EventType "team"]

1. e4 c5 2. Nf3 d6 3. d4 cxd4 4. Nxd4 Nf6 5. Nc3 a6 6. h3 e5 7. Nde2 b5 8. g4
Bb7 9. Bg2 b4 10. Nd5 Nxd5 11. exd5 Be7 12. a3 bxa3 13. Rxa3 Nd7 14. Bd2 O-O 15.
Ng3 a5 16. Qa1 Qc7 17. Nf5 Bd8 18. b4 Nb6 19. Rxa5 Qxc2 20. Nxd6 Rxa5 21. bxa5
Bxd5 22. Bxd5 Nxd5 23. O-O Qxd2 24. Rd1 Qc3 25. Qa2 Nb4 26. Qa4 Be7 27. Nf5 Bc5
28. Kg2 Nd3 29. Rf1 Nf4+ 0-1

[Event "Online Olym Div2 C 2021"]
[Site "chess.com INT"]
[Date "2021.09.04"]
[Round "9.5"]
[Board "2"]
[White "Doluweera, Minul Sanjula"]
[Black "Abdulla, Murad"]
[Result "1-0"]
[WhiteTitle "FM"]
[BlackTitle "FM"]
[WhiteElo "2129"]
[BlackElo "2287"]
[WhiteTeam "Sri Lanka"]
[BlackTeam "Scotland"]
[WhiteFideId "9910760"]
[BlackFideId "2403757"]
[EventDate "2021.09.02"]
[EventType "team"]

1. d4 Nf6 2. Nf3 g6 3. e3 b6 4. Be2 Bb7 5. O-O Bg7 6. c4 O-O 7. Nc3 d5 8. cxd5
Nxd5 9. Qc2 Nd7 10. e4 Nxc3 11. bxc3 e6 12. Bg5 Qe8 13. e5 f6 14. exf6 Nxf6 15.
Ne5 c5 16. Bf3 Nd5 17. Rfe1 Rc8 18. Qb3 cxd4 19. c4 Rf5 20. cxd5 Bxe5 21. Bh6
Rc3 22. Qb4 Qb8 23. Qe7 Rf7 24. Qxe6 Bxh2+ 25. Kh1 Rc8 26. g3 Bxg3 27. fxg3 Qxg3
28. Qxc8+ 1-0

[Event "Online Olym Div2 C 2021"]
[Site "chess.com INT"]
[Date "2021.09.04"]
[Round "9.5"]
[Board "3"]
[White "Cooke, Suzie G."]
[Black "Premanath, Dinushki"]
[Result "1/2-1/2"]
[WhiteTitle "WFM"]
[BlackTitle "WFM"]
[WhiteElo "1915"]
[BlackElo "1793"]
[WhiteTeam "Scotland"]
[BlackTeam "Sri Lanka"]
[WhiteFideId "414930"]
[BlackFideId "9903542"]
[EventDate "2021.09.02"]
[EventType "team"]

1. d4 Nf6 2. Bf4 e6 3. Nd2 d5 4. e3 Bd6 5. Bg3 b6 6. c3 O-O 7. Bd3 c5 8. Ngf3 h6
9. Ne5 Ba6 10. Bxa6 Nxa6 11. O-O c4 12. a4 Qe7 13. Qe2 Nb8 14. e4 Bxe5 15. Bxe5
Nc6 16. Bg3 Rac8 17. Rfe1 Nxe4 18. Nxe4 dxe4 19. Qxe4 Qd7 20. Qg4 Rfe8 21. Bf4
Kh8 22. Re3 Ne7 23. h4 Nf5 24. Ree1 Qe7 25. g3 1/2-1/2

[Event "Online Olym Div2 C 2021"]
[Site "chess.com INT"]
[Date "2021.09.04"]
[Round "9.5"]
[Board "4"]
[White "Tharushi, T H D Niklesha"]
[Black "Lampard, Alice"]
[Result "0-1"]
[WhiteTitle "WCM"]
[WhiteElo "1711"]
[BlackElo "1763"]
[WhiteTeam "Sri Lanka"]
[BlackTeam "Scotland"]
[WhiteFideId "9918264"]
[BlackFideId "2402750"]
[EventDate "2021.09.02"]
[EventType "team"]

1. d4 Nf6 2. c4 g6 3. Nc3 d5 4. cxd5 Nxd5 5. e4 Nxc3 6. bxc3 Bg7 7. Bc4 O-O 8.
Be3 c5 9. Ne2 cxd4 10. cxd4 Nc6 11. O-O Bd7 12. Rb1 b6 13. a3 e6 14. f4 Qe7 15.
Qd3 Rfd8 16. Rfc1 Na5 17. Bb5 Rac8 18. Ba6 Rc6 19. Bd2 Rxc1+ 20. Rxc1 Nc6 21. e5
h5 22. Bb7 Nb8 23. Bb4 Qe8 24. Bd6 Bb5 25. Qe3 Bxe2 26. Qxe2 Qa4 27. Rc4 Qb3 28.
Bc8 Nd7 29. Bxd7 Rxd7 30. Rc8+ Kh7 31. Qc2 Qb5 32. Qc6 Qb1+ 33. Kf2 Qb2+ 34. Ke3
Qb3+ 35. Qc3 Qd1 36. Qd2 Qg1+ 37. Kf3 Qf1+ 38. Kg3 Qa6 39. Qc3 Bh6 40. Qc4 Qa5
41. Qc3 Qd5 42. Qc4 Qa5 43. Bb4 Qa4 44. Bd6 Qd1 45. Qc3 Qg4+ 46. Kf2 Qxf4+ 47.
Ke1 Qxh2 48. Qc6 Qg1+ 49. Ke2 Qe3+ 50. Kf1 Qd3+ 51. Ke1 Be3 52. Qc2 Qxd4 53. Rc4
Qd5 54. Ke2 Bh6 55. Rc8 Qxg2+ 56. Kd3 Qf3+ 57. Kc4 Qd5+ 58. Kb4 a5+ 59. Kc3 Be3
60. Kb2 Bd4+ 61. Kb1 Qh1+ 62. Ka2 Qd5+ 63. Kb1 Qb5+ 64. Kc1 Be3+ 65. Kd1 Qf1# 0-1

[Event "Online Olym Div2 C 2021"]
[Site "chess.com INT"]
[Date "2021.09.04"]
[Round "9.5"]
[Board "5"]
[White "Sanger, Jake M"]
[Black "De Silva, L M S T"]
[Result "0-1"]
[BlackTitle "FM"]
[WhiteElo "1936"]
[BlackElo "2085"]
[WhiteTeam "Scotland"]
[BlackTeam "Sri Lanka"]
[WhiteFideId "2406136"]
[BlackFideId "9953698"]
[EventDate "2021.09.02"]
[EventType "team"]

1. d4 Nf6 2. c4 e6 3. Nf3 b6 4. g3 Bb7 5. Bg2 g6 6. O-O Bg7 7. Qc2 O-O 8. Nc3 c5
9. Rd1 cxd4 10. Nxd4 Bxg2 11. Kxg2 a6 12. Bf4 Qc8 13. Be5 Nc6 14. Nxc6 Qxc6+ 15.
Kg1 Qxc4 16. Rac1 d5 17. b3 Qg4 18. Qb2 Nh5 19. Na4 b5 20. Nb6 Rad8 21. Bxg7
Nxg7 22. Rc7 d4 23. Nd7 Rxd7 24. Rxd7 e5 25. Rd6 Ne6 26. f3 Qh3 27. Rc1 h5 28.
Qd2 Ng7 29. Qg5 Kh7 30. Rc7 Ne6 31. Qe7 Kg8 32. Ra7 Qf5 33. Rc6 d3 34. exd3 h4
35. g4 Qxf3 36. Rxe6 Qxg4+ 37. Kh1 Qxe6 38. Qxe6 fxe6 39. Rxa6 Rf2 40. Ra5 h3
41. Kg1 Rg2+ 42. Kh1 b4 43. Ra4 Kg7 44. Rxb4 Rxa2 45. Kg1 Rg2+ 46. Kh1 Rd2 47.
Kg1 Rxd3 48. Re4 Rxb3 49. Rxe5 Kf6 50. Re2 e5 51. Kf2 Kf5 52. Ra2 Kf4 53. Ra8
Rb2+ 54. Kg1 e4 55. Rf8+ Ke3 56. Rf1 Rg2+ 57. Kh1 Re2 58. Ra1 g5 59. Rb1 g4 60.
Ra1 Rd2 61. Rf1 Kd3 62. Kg1 Rg2+ 63. Kh1 e3 64. Rd1+ Rd2 65. Re1 e2 66. Rg1 Rd1
67. Rf1 exf1=R# 0-1